000 00649nam a22002417a 4500
003 UA-OsUOA
001 65036
007 ta
008 20091112b un ||||| |||| 00| 0 ukr d
100 _aПиріг О.
090 _a94(477.41)
_bП33
942 _cBK
040 _aUA-OsUOA
_bukr
_cUA-OsUOA
_dUA-OsUOA
245 _aСело Уляники. Хода крізь віки
_bМонографія
300 _a176 с.
955 _a1
041 _aukr
080 _a94(477.41)
020 _a978-966-608-805-8
260 _aК.
_bМАУП
_c2007
650 7 _a9 Географія. Біографії. Історія
_2UDC
999 _c351145
_d351145